| 000 | 02370 a2200349 4500 | ||
|---|---|---|---|
| 005 | 20140609165528.0 | ||
| 008 | 140301s2006 xxu g q mlmul d | ||
| 040 |
_aCO-BoUCM _bspa _cOscar Anaya _dHenry Ríos |
||
| 041 | _aeng | ||
| 041 | _afre | ||
| 092 | _aDVD 1324 | ||
| 245 | 0 | 0 |
_aStranger than fiction _cMarc Forster, director _h[DVD] |
| 246 | 1 | 3 | _aMás extraño que la ficción |
| 260 |
_aWashington D.C. (Estados Unidos) _bColumbia Pictures _c2006 |
||
| 300 |
_a1 DVD, 113 minutos _bimagen, sonido, color |
||
| 500 | _aSINOPSIS: Todo el mundo sabe que su vida es una historia. Pero ¿qué pasa si una historia es su vida? Harold Crick es un agente promedio IRS: monótono, aburrido y repetitivo. Pero un día todo esto cambia cuando Harold comienza a oír un autor dentro de su cabeza que narra su vida. El narrador es extraordinariamente preciso, y Harold reconoce la voz como un autor preciado que vio en la televisión. Pero cuando la narración revela que él se va a morir, Harold debe encontrar el autor de la historia, y en última instancia de su vida, para convencerlo de que cambie el final de la historia antes de que sea demasiado tarde | ||
| 508 | _aCRÉDITOS: Dirigida por Marc Forster ; escrita por Zach Helm ; música por Britt Daniel y Brian Reitzell ; fotografía por Roberto Schaefer ; diseño de producción por Kevin Thompson ; dirección de arte Craig Jackson ; ambientación Ford Wheeler ; vestuario Frank L. Fleming | ||
| 511 | 0 | _aREPARTO: Will Ferrell, William Dick, Guy Massey, Martha Espinoza, Ricky Adams, Christian Stolte, Emma Thompson, Queen Latifah, Tony Hale | |
| 546 | _aAudio en inglés y francés. Subtítulos en inglés y francés | ||
| 650 | 4 |
_957043 _aAmor en el cine _vDVD |
|
| 650 | 7 |
_aCine fantástico _vDVD _957721 |
|
| 650 | 4 |
_aEscritores en el cine _vDVD _957722 |
|
| 650 | 7 |
_951326 _aPelículas cinematográficas _zEstados Unidos _vDVD |
|
| 690 |
_942805 _aEntretenimiento |
||
| 700 | 1 |
_aForster, Marc _edirector _957621 |
|
| 710 | 2 |
_aColumbia Pictures _951621 |
|
| 710 | 2 |
_aMandate Pictures _957622 |
|
| 710 | 2 |
_aThree Strange Angels _957623 |
|
| 765 | 0 | _tStranger than fiction | |
| 856 | 4 | 0 |
_uhttps://www.youtube.com/watch?v=PZpg8VII7es _zSiga este enlace para ver el trailer _zTrailer tomado del canal Crackle Movies & Television vía YouTube.com |
| 942 |
_2LOCAL _a11 _cMULTIMEDIA _e1 _hDVD 1324 |
||
| 999 |
_c239976 _d239976 |
||